000 00407nam a2200157Ia 4500
008 240729s9999 xx 000 0 und d
022 _a1754-1611
245 0 _aJournal of Biological Engineering
260 _aUnited Kingdom
260 _bBMC
650 _a Biology (General)
650 _aScience
856 _uhttps://doaj.org/toc/a9992cb3b5c94e0a9c8fc3cbd3a5ec03
942 _2ddc
942 _cDOAJEJ
999 _c74079
_d74079
945 _a1
_bMadushi Gamage
_c1
_dMadushi Gamage